| 000 | 00877nam a22002894a 4500 | ||
|---|---|---|---|
| 001 | UByD003795 | ||
| 003 | AR-LpoUNG | ||
| 005 | 20260112111735.0 | ||
| 008 | 250307s2011 ag z 000 0 spa d | ||
| 020 | _a9789875062818 | ||
| 040 |
_aAR-LpoUNG _bspa _cAR-LpoUNG _eaacr |
||
| 041 | 0 | _aspa | |
| 082 | 0 | _a982.065 643tra | |
| 100 | 1 | _aGonzález, Julio C. | |
| 245 | 1 | 4 |
_aLos tratados de paz por la guerra de Malvinas : _bdesocupación y hambre para los argentinos |
| 250 | _a3ra. ed. | ||
| 260 |
_aBuenos Aires : _bDocencia, _c2011. |
||
| 300 | _a319 p. | ||
| 650 | 4 | _aAnálisis histórico | |
| 650 | 4 | _aHistoria política | |
| 650 | 4 | _aGuerra de las Malvinas | |
| 650 | 4 | _aRelaciones exteriores | |
| 650 | 4 | _aAcuerdos internacionales | |
| 651 | 4 | _aArgentina | |
| 942 |
_2ddc _cLIB |
||
| 999 |
_c66487 _d66487 |
||